Pluriculturalidad y aprendizaje de la matemática en America Latina : (Registro nro. 39424)
[ vista simple ]
| 000 -LEADER | |
|---|---|
| fixed length control field | 01467nam a2200289 4500 |
| 001 - CONTROL NUMBER | |
| control field | 0000020842 |
| 003 - CONTROL NUMBER IDENTIFIER | |
| control field | CO-CtgCURN |
| 005 - DATE AND TIME OF LATEST TRANSACTION | |
| control field | 20250429224120.0 |
| 007 - PHYSICAL DESCRIPTION FIXED FIELD--GENERAL INFORMATION | |
| fixed length control field | ta |
| 008 - FIXED-LENGTH DATA ELEMENTS--GENERAL INFORMATION | |
| fixed length control field | 160627s2001 000 0 eng d |
| 020 ## - INTERNATIONAL STANDARD BOOK NUMBER | |
| International Standard Book Number | 8471124653 |
| 040 ## - CATALOGING SOURCE | |
| Original cataloging agency | CO-CtgCURN |
| Language of cataloging | spa |
| Transcribing agency | coctgcurn |
| 082 0# - DEWEY DECIMAL CLASSIFICATION NUMBER | |
| Classification number | 372.7 |
| Item number | P58 |
| 240 10 - UNIFORM TITLE | |
| Uniform title | 240Educación, culturas y lenguas en America Latina |
| 245 00 - TITLE STATEMENT | |
| Title | Pluriculturalidad y aprendizaje de la matemática en America Latina : |
| Remainder of title | experiencias y desafios / |
| Statement of responsibility, etc. | Alfonso E. Lizarzaburu y Gustavo Zapata Soto (comps.). |
| 260 ## - PUBLICATION, DISTRIBUTION, ETC. | |
| Place of publication, distribution, etc. | Madrid : |
| Name of publisher, distributor, etc. | Morata, |
| Date of publication, distribution, etc. | 2001. |
| 300 ## - PHYSICAL DESCRIPTION | |
| Extent | 271 p.: ill. |
| 336 ## - CONTENT TYPE | |
| Source | rdacontent |
| 337 ## - MEDIA TYPE | |
| Source | rdamedia |
| Media type term | sin mediacion |
| Media type code | n |
| 338 ## - CARRIER TYPE | |
| Source | rdacarrier |
| Carrier type term | volumen |
| Carrier type code | nc |
| 505 8# - FORMATTED CONTENTS NOTE | |
| Formatted contents note | Matemática y lenguajes. ·Como seguir siendo amerindio y aprender la matemática de la que se tiene y se tendra necesidad en la vida?.--Nuevos enfoques en la enseñanaza de la matemática y la formacion de profesores indigenas.--Algunas consideraciones fundamentales sobre los procesos de enseñanza y aprendizaje de la matemática en relacion con los pueblos indigenas de America Latina.--La enseñanza de la matemática a educandos quechuas en el marco de la reforma educativa |
| 650 14 - SUBJECT ADDED ENTRY--TOPICAL TERM | |
| Topical term or geographic name entry element | Matemáticas |
| Form subdivision | enseñanza y aprendizaje |
| Geographic subdivision | America Latina. |
| 700 1# - ADDED ENTRY--PERSONAL NAME | |
| Personal name | lizarzaburu, Alfonso E. (comp.) |
| 908 ## - PUT COMMAND PARAMETER (RLIN) | |
| Put command parameter | 160627 |
| 942 ## - ADDED ENTRY ELEMENTS (KOHA) | |
| Koha item type | Libros |
| Classification part | 372.7 |
| Item part | P58 |
| Source of classification or shelving scheme | Dewey Decimal Classification |
| Withdrawn status | Lost status | Source of classification or shelving scheme | Damaged status | Not for loan | Collection | Home library | Current library | Shelving location | Date acquired | Inventory number | Total checkouts | Full call number | Barcode | Date last seen | Price effective from | Koha item type | Public note |
|---|---|---|---|---|---|---|---|---|---|---|---|---|---|---|---|---|---|
| Dewey Decimal Classification | General | Miguel Henríquez Castañeda | Miguel Henríquez Castañeda | General | 04/29/2025 | 014411 | 372.7 P58 | 014411 | 04/29/2025 | 04/29/2025 | Libros | 370-EDUCAC |